| 000 | 00453nam a2200181Ia 4500 | ||
|---|---|---|---|
| 001 | 1600 | ||
| 005 | 20260306143740.0 | ||
| 008 | 260306t2013||||xx |||||||||||||| ||spa|| | ||
| 041 | _aESP | ||
| 082 |
_a153.1532 _bG59 |
||
| 100 |
_aGoleman, Daniel _eAUT |
||
| 245 | 0 |
_aFocus: _bdesarrollar la atención para alcanzar la excelencia |
|
| 260 | _c2013 | ||
| 300 |
_a357 páginas : _c20 cm. |
||
| 650 | _aGEN | ||
| 654 | _aCPS | ||
| 942 |
_cLIB _dJUS _fJUS _2ddc _n |
||
| 999 |
_c1600 _d1600 |
||